Legal responses to trafficking in women for sexual exploitation in the European Union, by H. Askola : book review /
Đã lưu trong:
| Príomhúdar: | |
|---|---|
| Formáid: | Bài viết |
| Teanga: | English |
| Ábhair: | |
| Clibeanna: |
Cuir Clib Leis
Gan Chlibeanna, Bí ar an gcéad duine leis an taifead seo a chlibeáil!
|
| Thư viện lưu trữ: | Thư viện Trường Đại học Đà Lạt |
|---|
| LEADER | 00833nam a2200265 4500 | ||
|---|---|---|---|
| 001 | DLU090070162 | ||
| 005 | ##20090526 | ||
| 040 | # | # | |a DLU |b eng |
| 041 | # | # | |a eng |
| 044 | # | # | |a UK |
| 100 | # | # | |a Chou, Meng-Hsuan. |
| 245 | # | # | |a Legal responses to trafficking in women for sexual exploitation in the European Union, by H. Askola : |b book review / |c Meng-Hsuan Chou. |
| 653 | # | # | |a Sexual exploitation |
| 653 | # | # | |a Trafficking persons |
| 653 | # | # | |a Women |
| 773 | # | # | |t Journal of Common Market Studies |g Vol. 46, no. 2 (March 2008), p. 480-481 |
| 920 | # | # | |a Phòng Tạp chí -- Trung tâm Thông tin - Thư viện Trường Đại học Đà Lạt |
| 994 | # | # | |a DLU |
| 900 | # | # | |a True |
| 911 | # | # | |a Trương Bảo Trâm Anh |
| 925 | # | # | |a G |
| 926 | # | # | |a A |
| 927 | # | # | |a BB |
| 980 | # | # | |a Thư viện Trường Đại học Đà Lạt |